La colección : (Record no. 182208)

MARC details
000 -LEADER
campo de control de longitud fija 01422nam a2200325 i 4500
001 - NÚMERO DE CONTROL
campo de control 182208
003 - IDENTIFICADOR DE NÚMERO DE CONTROL
campo de control ES-MaACL
005 - FECHA Y HORA DE LA ÚLTIMA TRANSACCIÓN
campo de control 20251116063115.0
008 - DATOS DE LONGITUD FIJA--INFORMACIÓN GENERAL
campo de control de longitud fija 130626s2010 sp a | |||||||| | spa d
020 ## - NÚMERO INTERNACIONAL ESTÁNDAR DEL LIBRO
Número Internacional Estándar del Libro 978-84-938142-2-9
080 ## - NÚMERO DE LA CLASIFICACIÓN DECIMAL UNIVERSAL
Número de la Clasificación Decimal Universal 7.036:069.5(460.27 M.)
080 ## - NÚMERO DE LA CLASIFICACIÓN DECIMAL UNIVERSAL
Número de la Clasificación Decimal Universal 7.036
100 1# - ENTRADA PRINCIPAL--NOMBRE DE PERSONA
Nombre de persona Martín, Carlos,
Fechas asociadas al nombre 1956-
9 (RLIN) 162760
245 13 - MENCIÓN DEL TÍTULO
Título La colección :
Resto del título Museo Nacional Reina Sofía : claves de lectura.
Número de parte o sección de la obra Parte I /
Mención de responsabilidad, etc. editado por Manuel J. Borja-Villel, Jesús Carrillo, Rosario Peiró ; con textos de Carlos Martín, Fernando López, Rocío Robles.
260 ## - PUBLICACIÓN, DISTRIBUCIÓN, ETC.
Lugar de publicación, distribución, etc. [Madrid] :
Nombre del editor, distribuidor, etc. Museo Nacional Centro de Arte Reina Sofía ;
Lugar de publicación, distribución, etc. Barcelona :
Nombre del editor, distribuidor, etc. Ediciones La Central,
Fecha de publicación, distribución, etc. D.L. 2010.
300 ## - DESCRIPCIÓN FÍSICA
Extensión 267 p. :
Otras características físicas il. col. y n. ;
Dimensiones 21 cm.
504 ## - NOTA DE BIBLIOGRAFÍA, ETC.
Nota de bibliografía, etc. Bibliografía: p. 256-260.
610 27 - PUNTO DE ACCESO ADICIONAL DE MATERIA--NOMBRE DE ENTIDAD CORPORATIVA
Nombre de entidad corporativa o nombre de jurisdicción como elemento de entrada Museo Nacional Centro de Arte Reina Sofía
Fuente del encabezamiento o término
9 (RLIN) 147737
650 #7 - PUNTO DE ACCESO ADICIONAL DE MATERIA--TÉRMINO DE MATERIA
Término de materia o nombre geográfico como elemento de entrada Arte-
Subdivisión cronológica S.XX
Fuente del encabezamiento o término
9 (RLIN) 141916
700 1# - ENTRADA AGREGADA--NOMBRE PERSONAL
Nombre de persona López, Fernando,
Fechas asociadas al nombre 1961-
9 (RLIN) 153013
700 1# - ENTRADA AGREGADA--NOMBRE PERSONAL
Nombre de persona Robles Tardío, Rocío,
Fechas asociadas al nombre 1976-
9 (RLIN) 153014
700 1# - ENTRADA AGREGADA--NOMBRE PERSONAL
Nombre de persona Carrillo Castillo, Jesús,
Fechas asociadas al nombre 1966-
9 (RLIN) 153015
700 1# - ENTRADA AGREGADA--NOMBRE PERSONAL
Nombre de persona Borja-Villel, Manuel J.,
Fechas asociadas al nombre 1957-
9 (RLIN) 153016
700 1# - ENTRADA AGREGADA--NOMBRE PERSONAL
Nombre de persona Peiró, Rosario.
9 (RLIN) 153017
710 2# - ENTRADA AGREGADA--NOMBRE DE ENTIDAD CORPORATIVA
Nombre de entidad corporativa o nombre de jurisdicción como elemento de entrada Museo Nacional Centro de Arte Reina Sofía
9 (RLIN) 147737
852 ## - LOCALIZACIÓN
Ubicación ES-MaACL
Número de control de estantería A-12775
itemnumber 189119
Sublocalización o colección R.148586
Ubicación en estantería Depósito 1
Signatura antigua Olim: N-5775
Encuadernación Donación: Almudena Cruz
903 ## - NOMBRE PERSONAL DE DONANTE
9 234376
a Cruz, Almudena
e Donante
942 ## - ELEMENTOS DE ENTRADA SECUNDARIOS (KOHA)
Fuente del sistema de clasificación o colocación Clasificación decimal universal
Tipo de ítem Koha Libro impreso
Holdings
Estatus retirado Estado de pérdida Fuente del sistema de clasificación o colocación Estado de daño No para préstamo Biblioteca de origen Biblioteca actual Ubicación en estantería Fecha de adquisición Fuente de adquisición Total de préstamos Signatura topográfica completa Código de barras Visto por última vez Precio de reemplazo Tipo de ítem Koha
    Clasificación decimal universal     Biblioteca del Ateneo de Madrid Biblioteca del Ateneo de Madrid Depósito 1 26/06/2013 Donación   A-12775 1191479 23/02/2023 23/02/2023 Libro impreso